00828nas a2200229Ia 4500001001100000003000900011008004100020040001300061040001300074041001300087100004500100210001400145222001400159245009700173250001100270260005000281501008600331300001700417362003500434500009300469650003600562R007/H8545IT-RoPAU151124c99999999xx |||||||||||| ||und|| aIT-RoPAU cIT-RoPAU aITALIANO aDonghi LorenzogCodice Aut. SPICS: 59262 aCINEFORUM aCineforum aCINEFORUM, ANNO 48-N.478 (OTTOBRE 2008)bOdgrobadogroba - di Tomba In Tomba di Jan Cvitkovic a1a ed. aBERGAMObFEDERAZIONE ITALIANA CINEFORUMc2008 bPaulus - SPICS - Società San Paolo EM (non-commercial uses only)cCopyright2015 a2 p. [24-25] aANNO 048, N.478 (OTTOBRE 2008) aScheda, Trama e Recensione del Film. Il Carosello della Morte: un Kusturica Col Broncio. aCINEMAvPUBBLICAZIONE PERIODICA